000 00299 a2200157 4500
001 173803
020 _a
040 _cMagnum
100 _aKupstas, Marcia
240 1 0 _aMata vermelha
_lpor
245 1 0 _aMata vermelha
362 0 _a1899
440 1 _aLĂȘ
697 _aIJ/GERAL
942 _cBK
999 _c173803
_d173803